| 000 | 00459nam a22001817a 4500 | ||
|---|---|---|---|
| 003 | LK-CoDNM | ||
| 005 | 20250109114637.0 | ||
| 008 | 250109b |||||||| |||| 00| 0 eng d | ||
| 040 |
_aLK-CoDNM _dLK-CoDNM _eLK-CoDNM |
||
| 041 | _aeng | ||
| 080 |
_a4 _bY12 |
||
| 100 | _aHenderson,Justin | ||
| 245 | _aThe Practical Value of Birds | ||
| 260 |
_aNew York _bThe Macmillan Company _c1927 |
||
| 300 | _axii, 342p ; 20 cm | ||
| 650 | _aScience | ||
| 942 | _cBK | ||
| 999 |
_c235649 _d235649 |
||